| 000 | 01181nam a2200301 i 4500 | ||
|---|---|---|---|
| 001 | 000003345 | ||
| 003 | DO-SdBNP | ||
| 005 | 20250716104522.0 | ||
| 007 | ta | ||
| 008 | 090708s2009 dr ad 000 0 spa d | ||
| 020 | _a9789945162684 | ||
| 040 |
_aDO-SdBNP _bspa _cBNPHU _erda |
||
| 041 | _aspa | ||
| 082 | 4 |
_a972.93 _bM538d _222 |
|
| 100 | 1 |
_aMéndez Jiminian, Jesús _eautor _4aut. _92186 |
|
| 245 | 1 | 3 |
_aEl destino de 25 restauradores presos en Vieques, 1864-1865 / _cJesús Méndez Jiminián ; prólogo Robert L. Rabin Siegal. |
| 264 |
_aSanto Domingo, República Dominicana : _bEditora Búho, _c2009. |
||
| 300 |
_a115 páginas : _bilustraciones, diagrama ; _c23 cm. |
||
| 336 |
_atexto _btxt _2rdacontent |
||
| 337 |
_asin mediación _bn _2rdamedia |
||
| 338 |
_avolumen _bnc _2rdacarrier |
||
| 500 | _aIncluye datos biográficos del autor en la solapa de la cubierta | ||
| 504 | _aBibliografía: páginas p. 113-115 | ||
| 504 | _aIncluye referencias bibliográficas y notas al pie de las páginas | ||
| 651 | 4 |
_aRepública Dominicana _910483 _xHistoria _yRestauración, 1863-1865 |
|
| 700 | 1 |
_aRabin Siegal, Robert L., _eprolguista _910485 _4pr. |
|
| 942 |
_2ddc _cLBS1 |
||
| 999 |
_c3176 _d3176 |
||